Statistiques concernant Pays du Moyen-Orient - Carte Quiz

Cliquez ici pour prendre le quiz!

Statistiques générales

  • Ce quiz a été pris 52 469 fois
    (29 450 depuis la dernière actualisation)
  • Le résultat moyen est 13 sur 17

Réponses sur la Carte

Les réponses sont colorées sur une échelle allant du rouge au vert en fonction du pourcentage des utilisateurs qui les ont devinées à leur premier essai. Vous pouvez retrouver ces pourcentages ci-dessous.
Chargement ...
 

Statistiques - réponses

Réponse% Correct
Égypte
95%
Turquie
91%
Chypre
91%
Arabie Saoudite
88%
Irak
81%
Oman
79%
Yémen
77%
Iran
76%
Émirats arabes unis
75%
Israël
75%
Palestine
74%
Syrie
72%
Qatar
71%
Bahreïn
71%
Jordanie
70%
Koweït
69%
Liban
67%

Distribution des résultats

Percentile par nombre de réponses

% des personnes avec chaque résultat

Votre développement - résultats

Vous n’avez pas pris ce quiz depuis la dernière actualisation